Flags by Horizontal Stripes #1 - Statistics

General Stats
  • This quiz has been taken 84,596 times
  • The average score is 12 of 15
Answer Stats
Picture Answer % Correct
Spain
97%
Israel
96%
Norway
96%
United States
96%
Finland
94%
Greece
94%
Iceland
92%
India
91%
Denmark
83%
Uganda
77%
Uruguay
75%
Malaysia
67%
South Africa
65%
Lebanon
60%
Eswatini
56%
No matching quizzes found
Score Distribution
Percent of People with Each Score
Percentile by Number Answered
Your Score History
You have not taken this quiz